Drogi europejskie przechodzące przez Polskę - Statystyki

Ogólne statystyki
  • Ten quiz został rozwiązany 22 razy
  • Średni wynik to 9 z 12
Statystyki odpowiedzi
Odpowiedź % Poprawnych
E40
95%
E30
90%
E75
90%
E77
90%
E67
85%
E65
80%
E28
75%
E36
75%
E261
60%
E372
50%
E371
45%
E373
45%
Nie znaleziono quizów pasujących do podanych kryteriów
Rozkład punktacji
Procent ludzi z każdym wynikiem
Percentyl według liczby udzielonych odpowiedzi
Twoja historia wyników
Nie rozwiązałeś tego quizu